00956nam a2200157 a 450000500170000000800410001705000250005810000190008324500620010250000290016452004270019365000210062094200080064199900190064995201300066820140414093843.0090615s19uu xx 00 eng d aDVD 791.43bPOR 19__ aStrick, Joseph aA Portrait of the artist as a young man /cJoseph Strick. aRunning time: 92 minutes aIn Dublin in 1900 Stephen Dedalus, the future genius James Joyce struggles through the erises of youth and sexuality. When frustrated by conventional women he turns to prostitutes and suffers the agonies of conscience furthered by his church. Then terrified by a priest's sermon on the horrors of hell, he gives up promiscuity. He matures into a young man able to begin to find his place with his own ideals in the world. aMotion pictures. cAVM c109450d109450 00104050aLUXbLUXcAVd2009-06-15eI.B Fundg1043.68l0oDVD 791.43 POR 19__pAV1097r2014-04-14 00:00:00w2014-04-14yAVM